000 nam a22 4500
999 _c8899
_d8899
008 180317b ||||| |||| 00| 0 eng d
245 _aBrownout economic cost: 400M a day:
_bDavao City reels from power shortage that stretches outages to 5 hrs
260 _aPhilippines
_bPhilippine Daily Inquirer
_cc2016
300 _apage A8.
650 0 _926898
_aEnergy resources.
942 _2ddc
_cPER